00494nam a2200193 u 45000010006000000050017000060080041000230350010000640350021000740400013000950410008001080820008001161000028001242450055001522600035002073000018002426500024002606500016002845821420260504074740.0960313s1974 eng  a58214 a(OCoLC)778163263 ccomduadb aeng 4a66910aLakhtin, Yuri4auteaut10aEngineering physical metallurgy and heat treatment aRusia :bEditorial Mir,c1974. a415 páginas aMetalurgia física 7aCalor2lemb